000 00497nam a2200205Ia 4500
003 OSt
005 20250801154631.0
008 250729s2004 xx 000 0 und d
020 _a9788171419128
040 _cAL
041 _aeng
082 _a370 DUTC
100 _aDutt B. S. V.
_9220713
245 _aComparative Education
260 _aNew Delhi
_bDiscovery Publishing House
_c2004
300 _a346p
650 _aEducation
_9220714
700 _aB.S.V
_9220715
942 _2ddc
_cBED
999 _c234701
_d234701